Niños y niñas en acción por un ambiente mejor: (Registro nro. 20892)
[ vista simple ]
| 000 -CABECERA | |
|---|---|
| Campo de control | 00853nam a22002297a 4500 |
| 005 - FECHA Y HORA DE LA ULTIMA TRANSACCION | |
| Campo de control | 20200224095020.0 |
| 008 - ELEMENTOS DE LONGITUD FIJA—INFORMACION GENERAL | |
| Campo de control | 200224b xxu||||| |||| 00| 0 spa d |
| 040 ## - FUENTE DE CATALOGACIÓN | |
| Agencia catalogadora original | CO-BoIAVH |
| Agencia transcriptora | CO-BoIAVH |
| 110 ## - ASIENTO PRINCIPAL--NOMBRE CORPORATIVO | |
| 9 (RLIN) | 87560 |
| Nombre corporativo o de jurisdicción como elemento de entrada | CORPOGUAVIO |
| Unidad subordinad | Corporación Autónoma Regional del Guavio |
| 245 ## - MENCION DE TITULO | |
| Título | Niños y niñas en acción por un ambiente mejor: |
| Parte restante del título | Para niños y niñas comprometidos con el cuidado del ambiente. |
| 300 ## - DESCRIPCION FISICA | |
| Extensión | 1 juego (1 tablero, 4 fichas, 1 dado): |
| 500 ## - NOTA GENERAL | |
| Nota general | 1 juego (1 tablero, 4 fichas, 1 dado): |
| 500 ## - NOTA GENERAL | |
| Nota general | ilustraciones y fotografías, |
| 500 ## - NOTA GENERAL | |
| Nota general | 42 x 42 cm. |
| 500 ## - NOTA GENERAL | |
| Nota general | + 1 cartilla. |
| 650 #0 - ASIENTO SECUNDARIO DE MATERIA - TERMINO TEMATICO | |
| 9 (RLIN) | 102776 |
| Término temático o nombre geográfico como elemento de entrada | cuidado del medio ambiente |
| 650 #0 - ASIENTO SECUNDARIO DE MATERIA - TERMINO TEMATICO | |
| 9 (RLIN) | 12013 |
| Término temático o nombre geográfico como elemento de entrada | Reciclaje |
| 650 #0 - ASIENTO SECUNDARIO DE MATERIA - TERMINO TEMATICO | |
| 9 (RLIN) | 102777 |
| Término temático o nombre geográfico como elemento de entrada | juegos didácticos |
| 650 #0 - ASIENTO SECUNDARIO DE MATERIA - TERMINO TEMATICO | |
| 9 (RLIN) | 41730 |
| Término temático o nombre geográfico como elemento de entrada | Fauna y Flora |
| 650 #0 - ASIENTO SECUNDARIO DE MATERIA - TERMINO TEMATICO | |
| 9 (RLIN) | 23824 |
| Término temático o nombre geográfico como elemento de entrada | Conservación de los recursos naturales |
| 942 ## - ELEMENTOS ADICIONALES (KOHA) | |
| Sistema de clasificación | Dewey Decimal Classification |
| Tipo de ítem | Mixed Materials |
| Withdrawn status | Lost status | Sistema de Clasificación | Damaged status | No para préstamo | Colección | Ubicación Permanente | Ubicación actual | Fecha de adquisición | Total Checkouts | Número topográfico | Inventario / Código de Barras | Date last seen | Ejemplar | Price effective from | Forma de adquisición | Tipo de material | Public note |
|---|---|---|---|---|---|---|---|---|---|---|---|---|---|---|---|---|---|
| Dewey Decimal Classification | Hemeroteca | Bogotá | Bogotá | 24/02/2020 | K-0015 | 044235 | 24/02/2020 | Ej. 1 | 24/02/2020 | Canje | Mixed Materials | Incluye cartilla (CID-044236) | |||||
| Dewey Decimal Classification | Hemeroteca | Bogotá | Bogotá | 24/02/2020 | K-0015 | 044237 | 24/02/2020 | Ej. 2 | 24/02/2020 | Canje | Mixed Materials | Incluye cartilla (CID-044234) |